000 00771nam a2200181Ia 4500
008 100921s9999 xx 000 0 und d
082 _b36720
_a133.55 न 03
100 _aपाठक धुंडिराज,लोया रितेश.
245 _aफेंगशुई सोबती.
260 _bसंवाद प्रकाशन,पुणे.
_c2003
300 _a240
_bपाठक धुंडिराज,पुणे
365 _b200
520 _aतत्वज्ञान-ज्योतिष्यशास्त्र.
630 _aफेंगशुई सोबती.
650 _aतत्वज्ञान-ज्योतिष्यशास्त्र.
730 _aफेंगशुई सोबती.
942 _cBOOK
999 _c785833
_d785830